000 00573nam a2200205Ia 4500
005 20250923144743.0
008 008 250917s9999 xx 000 0 eng d
037 _aTextual
040 _aDSWL
_beng
_cDSWL
041 _aeng
_2eng
084 _qDSWL
100 _aMazumdar, Bahkat Prasad
_9828049
245 0 _aSocio-Economic history of Northern India
_cby Bahkat Prasad Mazumdar
260 _aCalcutta
_bFirmaK.L. Mukhopadhyay
_c1960
300 _axxiii,418p.
365 _aINR
_b20
925 _g20
942 _cTEXL
999 _c1442924
_d1442924